000
00281nam a22001337a 4500
008
181029b xxu||||| |||| 00| 0 eng d
020
_a
9781423905844
041
_a
eng
080
_a
004
100
_a
28
101
_a
SHK
245
_a
Excel 2007
_c
Parsons,J.J
942
_2
udc
_c
BK
999
_c
50961
_d
50961